| 000 | 00494nam a22001457a 4500 | ||
|---|---|---|---|
| 003 | macl | ||
| 005 | 20180421133838.0 | ||
| 008 | 180421b xxu||||| |||| 00| 0 eng d | ||
| 040 | _cmacl | ||
| 100 |
_aबिभुतिभूषण बंद्योपाध्याय _972210 |
||
| 245 | _aपथेर पांचाली | ||
| 260 |
_aदिल्ली _bराजपाल एण्ड सन्स _c2015 |
||
| 650 |
_aउपन्यास _972211 |
||
| 942 |
_2ddc _cHIN |
||
| 999 |
_c57847 _d57847 |
||